LEADER 01073cam0-22003851i-450- 001 990002532080403321 005 20060313120859.0 035 $a000253208 035 $aFED01000253208 035 $a(Aleph)000253208FED01 035 $a000253208 100 $a20030910g19561957km-y0itay50------ba 101 0 $aita 105 $ay-------001yy 200 1 $aCorso di economia politica$fC. Bresciani-Turroni 205 $a3. ed. 210 $aMilano$cGiuffre'$d1956-1957 215 $a2 v.$d24 cm 327 1 $a1.: Teoria generale dei fatti economici$a2.: Problemi di politica economica 610 0 $aEconomia 676 $a330 676 $a332 700 1$aBresciani Turroni,$bCostantino$f<1882-1963>$0102747 801 0$aIT$bUNINA$gRICA$2UNIMARC 901 $aBK 912 $a990002532080403321 952 $aC/1 BRE/2$b012511$fSES 952 $aXXV-A-29$b1360$fMAS 952 $aXV B 355$b54184$fFGBC 952 $aXXVI-C-42$b1284$fMAS 959 $aSES 959 $aMAS 959 $aFGBC 996 $aCorso di economia politica$935376 997 $aUNINA LEADER 02123nam 2200577 450 001 9910830687603321 005 20170822134913.0 010 $a1-119-05713-2 010 $a1-119-05733-7 010 $a1-119-05712-4 035 $a(CKB)3710000000473849 035 $a(SSID)ssj0001555893 035 $a(PQKBManifestationID)16179421 035 $a(PQKBTitleCode)TC0001555893 035 $a(PQKBWorkID)13386164 035 $a(PQKB)10512170 035 $a(MiAaPQ)EBC4338283 035 $a(DLC) 2015020417 035 $a(PPN)233093710 035 $a(EXLCZ)993710000000473849 100 $a20161213h20152015 uy 0 101 0 $aeng 135 $aurcnu|||||||| 181 $ctxt 182 $cc 183 $acr 200 10$aPhysical chemistry of polyelectrolyte solutions /$fMitsuru Nagasawa, Toyota Technological Institute, Nagoya, Aichi-ken, Japan 210 1$aHoboken, New Jersey :$cWiley,$d2015. 210 4$dİ2015 215 $a1 online resource (308 pages) $cillustrations 225 1 $aAdvances in Chemical Physics ;$vVolume 158 300 $aIncludes index. 311 $a1-119-05708-6 320 $aIncludes bibliographical references at the end of each chapters and indexes. 327 $aIntroductory remarks -- Thermodynamic properties of polyelectrolyte solutions -- Ionization equilibrium and potentiometric titration of weak polyelectrolytes -- Molecular conformation of linear polyelectrolytes -- Radius of gyration and intrinsic viscosity of linear polyelectrolytes -- Transport phenomena of linear polyelectrolytes -- Ion binding. 410 0$aAdvances in chemical physics ;$vVolume 158. 606 $aPolyelectrolytes 606 $aElectrolytes 606 $aElectrolyte solutions 615 0$aPolyelectrolytes. 615 0$aElectrolytes. 615 0$aElectrolyte solutions. 676 $a541/.372 700 $aNagasawa$b Mitsuru$f1923-$018304 801 0$bMiAaPQ 801 1$bMiAaPQ 801 2$bMiAaPQ 906 $aBOOK 912 $a9910830687603321 996 $aPhysical chemistry of polyelectrolyte solutions$93929181 997 $aUNINA